MANDRIVA 2008 SPRING (Record no. 34022)

MARC details
000 -LEADER
fixed length control field 00216nam a2200097Ia 4500
008 - FIXED-LENGTH DATA ELEMENTS--GENERAL INFORMATION
fixed length control field 240625s9999 xx 000 0 und d
041 ## - LANGUAGE CODE
Language code of text/sound track or separate title eng
100 ## - MAIN ENTRY--PERSONAL NAME
Personal name LINUX FOR YOU
245 ## - TITLE STATEMENT
Title MANDRIVA 2008 SPRING
260 ## - PUBLICATION, DISTRIBUTION, ETC.
Date of publication, distribution, etc. 2008
Holdings
Withdrawn status Lost status Damaged status Not for loan Home library Current library Date acquired Total Checkouts Barcode Date last seen Price effective from Koha item type
        IMTN IMTN 05/19/2008   CD1041 06/25/2024 06/25/2024 CD
Designed & Maintained by: LRC IMT Nagpur Contact: lrc@imtnag.ac.in© 2024. All Rights Reserved.